000 00840nam a22001577a 4500
003 OSt
005 20150918102508.0
008 150918b xxu||||| |||| 00| 0 eng d
040 _cRUA
082 _aAGR CHU 2004 B030 Or.1
100 _9737
_aCHUOB, VICHET.
245 _aa comparison of growing and yield of maize hybrid barieties at royal university of agriculture experiment station in the wet season 2003 (ប្រៀបធៀបការលូតលាស់ និង​ទិន្នផលពូជពោតក្រហមអ៊ីប្រ៊ីតនៅស្តានីយ៍ពិសោធន៍សាកលវិទ្យាល័យភូមិន្ធកសិកម្ម នារដូវ វស្សាឆ្នាំ ២០០៣)
260 _aPhnom Penh
_bRUA
_c2004
300 _a43p.
_bill.
_c29cm.
942 _2ddc
_cAGR
999 _c708
_d708